| 000 | 00838cam a2200241 4500 | ||
|---|---|---|---|
| 008 | 090401t1987 xxu||||| |||| 00| 0 eng d | ||
| 020 | _a0852361734 | ||
| 035 | _a(Sirsi) u32185 | ||
| 041 | _aeng | ||
| 050 |
_a333.75 _c18 |
||
| 100 | _aBlyth, John | ||
| 245 | _aFarm woodland management | ||
| 260 |
_aIpswich _bFarming Press _c1987 |
||
| 300 |
_axii, 189p. _bill. _c24cm. |
||
| 350 | _a10.95 | ||
| 520 | _aConsiders the types and values of woodland, operations and improvement, hedgrows, starting from bare ground, finance and taxtion, yields and values and strategies for farm businesses including woodland. | ||
| 690 | _aENVIRONMENTAL AND LAND CONSULTANCY-FORESTRY AND WOODLAND MANAGEMENT | ||
| 700 | _aEvans, Julian | ||
| 700 | _aMutch, William E. S. | ||
| 700 | _aSidwell, Caroline | ||
| 942 | _n0 | ||
| 948 | _c04/03/1997 | ||
| 999 |
_c89685 _d89685 |
||